Normal view
MARC view
- Dammalli Vasant
Entry Personal Name
001 - CONTROL NUMBER
- control field: 93204
003 - CONTROL NUMBER IDENTIFIER
- control field: OSt
005 - DATE AND TIME OF LATEST TRANSACTION
- control field: 20220810153252.0
008 - FIXED-LENGTH DATA ELEMENTS
- fixed length control field: 220810|| aca||aabn | a|a d
040 ## - CATALOGING SOURCE
- Original cataloging agency: OSt
- Transcribing agency: OSt
100 ## - HEADING--PERSONAL NAME
- Personal name: Dammalli Vasant
670 ## - SOURCE DATA FOUND
- Source citation: Work cat.: (OSt)57429: Dammalli Vasant, Study to assess the knowledge and practice regarding self care measures to prevent pulmonary tuberculosis among student nurses, 2013